00630nam a22001697a 450000500170000001000130001702000260003003500120005603700160006808200120008410000400009624501150013624600760025126000470032727000640037430000220043820220307123149.0 aUR-11457 c400.00a9789390533398 aU-10012 bDBAD/PUBa- a440.808 aسيد ہ خو ر شيد بيگم  aا ر د و غز ل ميں ر جا ئ عنا صر(1857ء سے1947 تک)cسيد ہ خو ر شيد بيگم  bUrdu Ghazal main Rijayi Anasir (1857-1947) (Urdu)aby S.Khursheed Begum aNew DelhibEdu.Publishing Housec2020 ء  aD1/16,Ansari Road,Darya ganj.bN Delhie110002k45678204l- a244 صc22 Cm(Hb)